000 00731nam a2200253 a 4500
001 BRCA_7514
005 20190320205852.0
008 090513s1907----gw-ac##f##---#001-0#ger-#
041 _ager
044 _agw
050 4 _aND813.G6
_b.B47 1907
100 1 _aBertels, Kurt
_918531
245 1 0 _aFrancisco Goya
_cvon Kurt Bertels.
260 _aMúnich
_bR. Piper
_c1907
300 _a140 p.
_bil., 53 láminas, retratos
_c26 cm.
440 0 _aKlassische Illustratoren
_v1
_918532
500 _aIncluye índice de ilustraciones
500 _aR56
504 _aBibliografía p. 135
600 1 4 _aGoya y Lucientes, Francisco José de
_d1746-1828
_911075
650 1 4 _aPintores españoles
_97620
902 _aGFM
942 _2lcc
_cB
999 _c7188
_d7188